Significación actual de las enseñanzas mercantiles : discurso del director de la Escuela Exmo. Sr. D. Pedro Gual Villalbí, con motivo de la inauguración del nuevo edificio (25 noviembre 1961) discurso del director de la Escuela Exmo. Sr. D. Pedro Gual Villalbí, con motivo de la inauguración del nuevo edificio (25 noviembre 1961)
Descripción Física:
19 p. ; 22 cm
Otros Autores:
Escuela de Altos Estudios Mercantiles (Barcelona)
MARC
| LEADER | 00000nam a2200000Ia 4500 | ||
|---|---|---|---|
| 001 | 15068 | ||
| 008 | 160829s1961 xx 000 0 cat d | ||
| 080 | |a FU-33-68 | ||
| 100 | |a Gual Villalbí, Pedro | ||
| 245 | |a Significación actual de las enseñanzas mercantiles : |b discurso del director de la Escuela Exmo. Sr. D. Pedro Gual Villalbí, con motivo de la inauguración del nuevo edificio (25 noviembre 1961) | ||
| 260 | |a Barcelona : |b Escuela de Altos Estudios Mercantiles, |c 1961 | ||
| 300 | |a 19 p. ; |c 22 cm | ||
| 650 | |a Escuela Superior de Comercio (Barcelona) |9 22409 | ||
| 650 | |a Comerç |x Ensenyament |9 24912 | ||
| 700 | |a Escuela de Altos Estudios Mercantiles (Barcelona) |9 22410 | ||
| 901 | |a Arxiu | ||
| 942 | |n 1 | ||
| 952 | |0 0 |1 0 |4 0 |6 FU3368 |7 1 |9 43373 |a Arxiu |b Arxiu |d 2016-12-01 |l 0 |o FU-33-68 |p 15068 |r 2016-12-01 00:00:00 |w 2016-12-01 |y ARXIU | ||
| 999 | |c 45918 |d 45918 | ||